Understanding rights of light for the APC (Record no. 121957)

MARC details
000 -LEADER
fixed length control field 00930nab a22002177a 4500
007 - PHYSICAL DESCRIPTION FIXED FIELD--GENERAL INFORMATION
fixed length control field ta
008 - FIXED-LENGTH DATA ELEMENTS--GENERAL INFORMATION
fixed length control field 240621e20240502xxk||||o |||| 00| 0 eng d
041 ## - LANGUAGE CODE
Language code of text/sound track or separate title eng
100 ## - MAIN ENTRY--PERSONAL NAME
Personal author Defoe, Peter
110 ## - MAIN ENTRY--CORPORATE NAME
9 (RLIN) 4900
Corporate author Royal Institution of Chartered Surveyors
245 ## - TITLE STATEMENT
Title Understanding rights of light for the APC
Statement of responsibility, etc [electronic resource]
260 ## - PUBLICATION INFORMATION
Publisher Royal Institution of Chartered Surveyors,
Date 2 May 2024
490 ## - SERIES TITLE
Series statement RICS Land Journal,
Volume 2 May 2024
520 ## - ABSTRACT
Abstract APC candidates face particular issues if they want to specialise in rights of light. So how should they write their submissions, choose appropriate case studies and prepare for final assessment?
650 ## - KEYWORDS
Keywords APC
650 ## - KEYWORDS
Keywords RIGHTS OF LIGHT
651 ## - SUBJECT ADDED ENTRY--GEOGRAPHIC NAME
Geographic name United Kingdom
690 ## - LOCAL SUBJECT ADDED ENTRY--TOPICAL TERM (OCLC, RLIN)
Topical term or geographic name as entry element Rights of light
9 (RLIN) 6267
700 ## - ADDED PERSONAL NAME
Added personal author Defoe, Peter
856 ## - ONLINE RESOURCE
Uniform Resource Identifier https://ww3.rics.org/uk/en/journals/land-journal/apc-rights-of-light-how-to-pass.html
Public note Available from RICS journals
Holdings
Withdrawn status Lost status Damaged status Not for loan Home library Current library Shelving location Date acquired Total Checkouts Date last seen Price effective from Koha item type
        Virtual Virtual Online 21/06/2024   21/06/2024 21/06/2024 Journal article